| 000 | 00526cam a22001217a 4500 | ||
|---|---|---|---|
| 008 | 180718b-- xxu||||| |||| 00| 0 eng d | ||
| 082 | _aW17x54 Sa17 | ||
| 245 |
_aSafety performance (Indian Railways) _cby Directorate of Safety, Ministry of Railways (Railway Board) |
||
| 260 |
_aNew Delhi _bMinistry of Railways. Railway Board _c-- |
||
| 500 | _aLibrary has 1992/93, 1994/95, 1996/97, 1998/99-1999/2000 | ||
| 650 | _aRailways - Safety measures - India | ||
| 700 | _aIndia. Ministry of Railways (Railway Board). Directorate of Safety | ||
| 999 |
_c486733 _d486733 |
||